| 000 | 00639nam a2200193 a 4500 | ||
|---|---|---|---|
| 001 | 000038317 | ||
| 005 | 20201002031228.0 | ||
| 008 | 130408s1985 dr 000 0 spa d | ||
| 020 | _a8484001490 | ||
| 040 |
_aDO-SdBNP _bspa _cBNPHU |
||
| 100 | 1 |
_aCroes, Edwin _964679 |
|
| 245 | 1 | 4 |
_aLas estrategias económicas de los poderes mundiales para Centroamérica y el Caribe / _cEdwin Croes. |
| 260 |
_aSanto Domingo : _bTaller, _c1985. |
||
| 300 |
_a60 p. ; _c22 cm. |
||
| 490 | 1 |
_aBiblioteca Taller _vno. 191 |
|
| 500 | _aIncluye notas al pie de las páginas | ||
| 504 | _aBibliografía : p. 58-61 | ||
| 830 | 0 |
_aBiblioteca Taller _n191 _964680 |
|
| 999 |
_c37807 _d37807 |
||